LEADER 01352nam a2200313 u 4500 001 000000042772 003 CaOOAMICUS 005 20070226114349.0 008 990309s1997 it u000 u ita u 020 $a8825006403 035 $a10816705 040 $aIPA$bita$dPUL 245 00$aLiturgia e incarnazione /$cG. Bonaccorso ... [et al.] ; a cura di Aldo Natale Terrin. 260 $aPadova :$bedizioni Messagero :$bAbbazia di santa Giustina,$c1997. 300 $a399 p. ;$c21 cm 490 1 $aCaro salutis cardo.$aContributi ;$v14 504 $aBibliografia in nota. 650 4$aLiturgia.$0(OLS)http://pul/subject/2437 650 4$aIncarnazione.$0(OLS)http://pul/subject/4447 700 1 $aBonaccorso, Giorgio.$0(OLS)http://pul/name/31387 700 1 $aTerrin, Aldo Natale,$d1941-2024.$0(OLS)http://pul/name/398 830 0$aCaro salutis cardo.$pContributi ;$v14.$0(OLS)http://pul/title/45949 850 $aPUL 852 $aPUL$W1$xSL Religione 1$y3$m11 N 12.1.14$j57727$nBK-PRI$b $qStampati$B57727$CPULBib$Z2$F57727 $H $81 941 1 $a8 961 $aINV: 88374 996 $6020$a8825006403$9(OLS)http://pul/number/53350 996 $6245$aLiturgia e incarnazione$9(OLS)http://pul/title/57700 996 $6260$aPadova :$bedizioni Messagero :$bAbbazia di santa Giustina$9(OLS)http://pul/publisher/61768 LEADER 01441nam a2200289 u 4500 001 000000110107 003 CaOOAMICUS 005 20080226123331.0 008 080226s2008 it u000 u ita u 020 $z978-88-372-2214-7* 040 $aPUL$bita$dLDB 100 1 $aGuardini, Romano,$csacerdote,$d1885-1968.$0(OLS)http://pul/name/10232 245 10$aFilosofia della religione :$besperienza religiosa e fede /$cRomano Guardini ; a cura di Silvano Zucal in collaborazione con Andrea Aguti. 260 $aBrescia :$bMorcelliana,$c2008. 300 $a760 p. ;$c23 cm. 500 $aInclude indice. 504 $aBibliografia in nota. 650 4$aFilosofia della religione.$0(OLS)http://pul/subject/120 700 1 $aZucal, Silvano.$0(OLS)http://pul/name/15105 700 1 $aAguti, Andrea,$d1967-$0(OLS)http://pul/name/35670 800 1 $aGuardini, Romano,$csacerdote,$d1885-1968.$tOpera omnia.$0(OLS)http://pul/nameTitle/232$0(OLS)http://pul/name/10232$0(OLS)http://pul/title/107768 850 $aPUL 852 $aPUL$W1$xSL Religione 2$y84$mTheol D3 4.0.2.1$j126098$av. 2,1$qStampati Altre Collocazioni$B124829$CPULBib$Z2$F124829 $H106474 $82 941 1 $a10 996 $6020$z978-88-372-2214-7*$9(OLS)http://pul/number/137190 996 $6245$aFilosofia della religione :$besperienza religiosa e fede$9(OLS)http://pul/title/138444 996 $6260$aBrescia :$bMorcelliana$9(OLS)http://pul/publisher/47854